25 najludniejszych miast w Niemczech - Statystyki

Ogólne statystyki
  • Ten quiz został rozwiązany 82 razy
  • Średni wynik to 14 z 25
Statystyki odpowiedzi
Nr. Liczba ludności Miasto % Poprawnych
1. 3,677,472 Berlin
100%
3. 1,487,708 Monachium
98%
2. 1,906,411 Hamburg
95%
4. 1,073,096 Kolonia
88%
7. 619,477 Dortmund
86%
12. 555,351 Lipsk
86%
10. 579,432 Brema
84%
5. 759,224 Frankfurt nad Menem
81%
13. 535,932 Drezno
80%
8. 601,866 Dusseldorf
72%
14. 510,632 Norymberga
67%
6. 626,275 Stuttgart
64%
11. 563,290 Hanower
59%
9. 586,852 Essen
55%
19. 331,885 Bonn
53%
16. 363,441 Bochum
44%
23. 296,478 Augsburg
39%
15. 495,152 Duisburg
34%
18. 334,002 Bielefeld
33%
20. 317,713 Munster
22%
21. 311,831 Mannheim
20%
25. 261,001 Monchengladbach
19%
17. 354,572 Wuppertal
19%
22. 306,502 Karlsruhe
13%
24. 278,950 Wiesbaden
6%
Nie znaleziono quizów pasujących do podanych kryteriów
Rozkład punktacji
Procent ludzi z każdym wynikiem
Percentyl według liczby udzielonych odpowiedzi
Twoja historia wyników
Nie rozwiązałeś tego quizu